| 000 | 00680nam a2200229Ia 4500 | ||
|---|---|---|---|
| 005 | 20250508164109.0 | ||
| 008 | 008 250505s9999 xx 000 0 eng d | ||
| 020 | _a0-521-75359-7 | ||
| 037 | _aTextBook | ||
| 040 |
_aFEDL _beng _cFEDL |
||
| 041 |
_aeng _2eng |
||
| 084 |
_a371.26, HAY _qFEDL |
||
| 100 |
_aHayward Dave _9777318 |
||
| 245 | 0 | _aTeaching and assessing practical skills in science | |
| 260 |
_aCambridge _bThe Edinbugh Cambridge _c2003 |
||
| 300 | _avi,115p | ||
| 365 |
_aINR _b595 |
||
| 546 | _aProfessional development for teachers | ||
| 650 |
_aMeasurement And Assesment _9777319 |
||
| 942 |
_cTB _h371.26, HAY |
||
| 999 |
_c1387035 _d1387035 |
||